00723 2200241 4500001002100000005001700021008004100038035002400079082001100103090002200114100002400136245011300160260002800273300003700301500003800338500003100376650001300407850001600420980001500436985000600451986000900457999001500466YOGYA-0209000004453920090227030418.0 ind  0010-020900000044539 a658.83 a658.83bKus AlSK aKUSTIYAH, Evi Ratna aAnalisa perkembangan usaha perum pegadaian terhadap upaya menjaring nasabahcdisusun oleh Evi Ratna Kustiyah aYogyakartab[s.n]c1996 axii, 67, [7] lembarbilusc30 cm aSkripsi STIE Kerjasama Yogyakarta aBibliografi : lembar 66-67 aKonsumen aYOPDYOG [B] a02-01-2008 a1 aRuni a07A0026949